Statistics : (Record no. 12411)
[ view plain ]
| 000 -LEADER | |
|---|---|
| fixed length control field | 00434pam a2200169 i 4500 |
| 020 ## - INTERNATIONAL STANDARD BOOK NUMBER | |
| ISBN | 0070546355 |
| 040 ## - CATALOGING SOURCE | |
| Transcribing agency | DLC |
| 082 00 - DEWEY DECIMAL CLASSIFICATION NUMBER | |
| Classification number | 519 WCG 1976 A033 Or. |
| 100 1# - MAIN ENTRY--AUTHOR NAME | |
| Personal name | Sanders, Donald H. |
| 245 10 - TITLE STATEMENT | |
| Title | Statistics : |
| Remainder of title | a fresh approach / |
| 260 ## - PUBLICATION, DISTRIBUTION, ETC. (IMPRINT) | |
| Place of publication | New York : |
| Name of publisher | McGraw-Hill, |
| Year of publication | c1976. |
| 300 ## - PHYSICAL DESCRIPTION | |
| Number of Pages | xv, 367 p. : |
| Other physical details | ill. ; |
| Dimensions | 25 cm. |
| 650 #0 - SUBJECT ADDED ENTRY--TOPICAL TERM | |
| Topical Term | Statistics. |
| 700 1# - ADDED ENTRY--PERSONAL NAME | |
| Personal name | Murph, A. Franklin, |
| 700 1# - ADDED ENTRY--PERSONAL NAME | |
| Personal name | Eng, Robert J., |
| 942 ## - ADDED ENTRY ELEMENTS (KOHA) | |
| Koha item type | សៀវភៅភាសាអង់គ្លេស |
| 952 ## - LOCATION AND ITEM INFORMATION (KOHA) | |
| Withdrawn status [LOCAL, KOHA] | 0 |
| Permanent Location | Date acquired | Koha item type | Lost status | Shelving location | Barcode | Current Location | Full call number |
|---|---|---|---|---|---|---|---|
| Library Block A | 2017-08-14 | សៀវភៅភាសាអង់គ្លេស | A033 | A16148 | Library Block A | 519 WCG 1976 A033 Or. |